[Event "Bundesliga 9495"]
[Site "Deutschland"]
[Date "1994.??.??"]
[Round "?.7"]
[White "Brunner, Lucas"]
[Black "Dutschak, Hauke"]
[Result "1-0"]
[WhiteElo "2525"]
[BlackElo "2240"]
[PlyCount "109"]
[EventDate "1994.10.??"]
[EventType "team"]
[EventRounds "15"]
[EventCountry "GER"]
[SourceTitle "Bundesliga 9495"]
[Source "DeepChess"]
[SourceDate "2005.01.01"]
[SourceVersion "1"]
[SourceVersionDate "2005.01.01"]
[SourceQuality "1"]
[WhiteTeam "SG Porz e.V."]
[BlackTeam "SV Tuebingen 1870 e.V."]
[WhiteTeamCountry "GER"]
[BlackTeamCountry "GER"]

1. c4 c5 2. Nf3 g6 3. d4 cxd4 4. Nxd4 Bg7 5. e4 Nc6 6. Be3 Nf6 7. Nc3 O-O 8.
Be2 b6 9. O-O Bb7 10. Nc2 Rc8 11. f3 Qc7 12. Qd2 Rfd8 13. Rac1 Na5 14. Na3 d6
15. Nd5 Qd7 16. b4 Nc6 17. Nb5 e6 18. Nxf6+ Bxf6 19. Rfd1 Be7 20. a3 Ba6 21. a4
Ne5 22. Qb2 Bf6 23. Qb3 Qe7 24. Kh1 h5 25. f4 Ng4 26. Bg1 Bxb5 27. axb5 e5 28.
f5 Bg5 29. Ra1 Bf4 30. Rf1 gxf5 31. g3 Bg5 32. Rxf5 Nh6 33. Rxa7 Qxa7 34. Rxg5+
Kf8 35. Rxh5 Ng8 36. Qf3 Re8 37. Rf5 Re7 38. Be3 Ra8 39. Kg2 Qb7 40. h4 Ra2 41.
h5 Re6 42. Kh3 Qd7 43. g4 Ra3 44. g5 Ke8 45. Kg2 Qe7 46. Kf2 Qf8 47. Qg4 Qg7
48. Rf3 Nf6 49. Rxf6 Rxf6+ 50. gxf6 Qxf6+ 51. Bf3 Rc3 52. c5 Rc2+ 53. Ke1 dxc5
54. bxc5 Rc3 55. Qg8+ 1-0

[Event "Bundesliga 9495"]
[Site "Deutschland"]
[Date "1994.??.??"]
[Round "?.8"]
[White "Foessmeier, Ulrich"]
[Black "Mainka, Romuald"]
[Result "1/2-1/2"]
[WhiteElo "2305"]
[BlackElo "2485"]
[PlyCount "107"]
[EventDate "1994.10.??"]
[EventType "team"]
[EventRounds "15"]
[EventCountry "GER"]
[SourceTitle "Bundesliga 9495"]
[Source "DeepChess"]
[SourceDate "2005.01.01"]
[SourceVersion "1"]
[SourceVersionDate "2005.01.01"]
[SourceQuality "1"]
[WhiteTeam "SV Tuebingen 1870 e.V."]
[BlackTeam "SG Porz e.V."]
[WhiteTeamCountry "GER"]
[BlackTeamCountry "GER"]

1. d4 f5 2. g3 Nf6 3. Bg2 g6 4. c3 Bg7 5. Nh3 Nc6 6. Qb3 a5 7. a4 e5 8. dxe5
Nxe5 9. Nf4 Nf7 10. h4 c6 11. c4 Qe7 12. Be3 O-O 13. O-O Re8 14. Rd1 Ne4 15.
Bd4 Nc5 16. Qa3 Bxd4 17. Rxd4 d6 18. Nc3 Qc7 19. b4 axb4 20. Qxb4 Ra6 21. a5
Ne5 22. Rd2 Qf7 23. Rxd6 Qxc4 24. Qb2 Qb3 25. Qc1 Qf7 26. Ncd5 Ne6 27. Nxe6
Bxe6 28. Nb4 Raa8 29. a6 Qc7 30. Rd1 bxa6 31. Nxc6 Rac8 32. Nxe5 Qxe5 33. Qd2
Bb3 34. Ra5 Qe6 35. Bd5 Bxd5 36. Qxd5 Qxd5 37. Rdxd5 Rxe2 38. Rxa6 Rc1+ 39. Kg2
Rcc2 40. Rd7 Rxf2+ 41. Kg1 Ra2 42. Rxa2 Rxa2 43. Rb7 h5 44. Rc7 Kf8 45. Rb7 Re2
46. Kf1 Re7 47. Rb6 Kf7 48. Kf2 Re6 49. Rb5 Kf6 50. Kf3 Ra6 51. Rb4 g5 52.
hxg5+ Kxg5 53. Rb8 Ra3+ 54. Kg2 1/2-1/2

[Event "Bundesliga 9495"]
[Site "Deutschland"]
[Date "1994.??.??"]
[Round "?.1"]
[White "Zude, Arno"]
[Black "Siegel, Georg"]
[Result "1-0"]
[WhiteElo "2435"]
[BlackElo "2490"]
[PlyCount "67"]
[EventDate "1994.10.??"]
[EventType "team"]
[EventRounds "15"]
[EventCountry "GER"]
[SourceTitle "Bundesliga 9495"]
[Source "DeepChess"]
[SourceDate "2005.01.01"]
[SourceVersion "1"]
[SourceVersionDate "2005.01.01"]
[SourceQuality "1"]
[WhiteTeam "SV 1920 Hofheim"]
[BlackTeam "SK Zaehringen 1921"]
[WhiteTeamCountry "GER"]
[BlackTeamCountry "GER"]

1. e4 e5 2. Nf3 Nc6 3. Bb5 a6 4. Ba4 Nf6 5. O-O Be7 6. Re1 b5 7. Bb3 d6 8. c3
O-O 9. h3 Bb7 10. d4 Re8 11. Nbd2 Bf8 12. Bc2 Nb8 13. b3 Nbd7 14. Bb2 g6 15.
Bd3 c5 16. d5 Bg7 17. a4 c4 18. bxc4 Nc5 19. Bc2 bxa4 20. Bxa4 Rf8 21. Ba3 Qc7
22. Rb1 Rab8 23. Bxc5 Qxc5 24. Rb4 Qc7 25. Qb3 Ba8 26. Rb1 Rbc8 27. Rb6 Nd7 28.
Bxd7 Qxd7 29. Qa3 Rfd8 30. Rxa6 Qe7 31. Ra7 Qf6 32. Rb6 Bh6 33. Nf1 Qf4 34.
Rxd6 1-0

[Event "Bundesliga 9495"]
[Site "Deutschland"]
[Date "1994.??.??"]
[Round "?.2"]
[White "Roos, Daniel"]
[Black "Pirrot, Dieter"]
[Result "1/2-1/2"]
[WhiteElo "2455"]
[BlackElo "2395"]
[PlyCount "32"]
[EventDate "1994.10.??"]
[EventType "team"]
[EventRounds "15"]
[EventCountry "GER"]
[SourceTitle "Bundesliga 9495"]
[Source "DeepChess"]
[SourceDate "2005.01.01"]
[SourceVersion "1"]
[SourceVersionDate "2005.01.01"]
[SourceQuality "1"]
[WhiteTeam "SK Zaehringen 1921"]
[BlackTeam "SV 1920 Hofheim"]
[WhiteTeamCountry "GER"]
[BlackTeamCountry "GER"]

1. Nf3 Nf6 2. d4 g6 3. c3 Bg7 4. Bf4 O-O 5. e3 d6 6. Bc4 c5 7. Nbd2 cxd4 8.
cxd4 Nc6 9. a3 Bg4 10. Be2 Bxf3 11. Bxf3 e5 12. dxe5 dxe5 13. Bg5 Qb6 14. O-O
Rfd8 15. Bxc6 Qxc6 16. Rc1 Qb5 1/2-1/2

[Event "Bundesliga 9495"]
[Site "Deutschland"]
[Date "1994.??.??"]
[Round "?.4"]
[White "Schmaltz, Roland"]
[Black "Reschke, Stefan"]
[Result "1/2-1/2"]
[WhiteElo "2450"]
[BlackElo "2385"]
[PlyCount "77"]
[EventDate "1994.10.??"]
[EventType "team"]
[EventRounds "15"]
[EventCountry "GER"]
[SourceTitle "Bundesliga 9495"]
[Source "DeepChess"]
[SourceDate "2005.01.01"]
[SourceVersion "1"]
[SourceVersionDate "2005.01.01"]
[SourceQuality "1"]
[WhiteTeam "SK Zaehringen 1921"]
[BlackTeam "SV 1920 Hofheim"]
[WhiteTeamCountry "GER"]
[BlackTeamCountry "GER"]

1. Nf3 Nf6 2. g3 g6 3. Bg2 Bg7 4. O-O O-O 5. d4 d6 6. a4 a5 7. Nbd2 Nbd7 8. e4
e5 9. dxe5 Nxe5 10. Nxe5 dxe5 11. Nc4 Qe7 12. b3 Rd8 13. Qe2 b6 14. Bb2 Ba6 15.
Rfd1 Ne8 16. Bf1 Nd6 17. Ba3 c5 18. Qe3 Nxc4 19. Bxc4 Bxc4 20. bxc4 Rd4 21.
Rxd4 exd4 22. Qd3 Re8 23. Rb1 Qc7 24. Qb3 Re6 25. f3 f5 26. Re1 Qc6 27. Qb5
Qxb5 28. cxb5 fxe4 29. Rxe4 Rxe4 30. fxe4 g5 31. Kf2 g4 32. Bc1 Be5 33. Bg5 Bc7
34. Ke2 Kf7 35. Kd3 Ke6 36. Kc4 h5 37. Kd3 Kd7 38. Kc4 Ke6 39. Kd3 1/2-1/2

[Event "Bundesliga 9495"]
[Site "Deutschland"]
[Date "1994.??.??"]
[Round "?.5"]
[White "Schmitzer, Klaus"]
[Black "Brendel, Oliver"]
[Result "0-1"]
[WhiteElo "2330"]
[BlackElo "2370"]
[PlyCount "80"]
[EventDate "1994.10.??"]
[EventType "team"]
[EventRounds "15"]
[EventCountry "GER"]
[SourceTitle "Bundesliga 9495"]
[Source "DeepChess"]
[SourceDate "2005.01.01"]
[SourceVersion "1"]
[SourceVersionDate "2005.01.01"]
[SourceQuality "1"]
[WhiteTeam "SV 1920 Hofheim"]
[BlackTeam "SK Zaehringen 1921"]
[WhiteTeamCountry "GER"]
[BlackTeamCountry "GER"]

1. e4 c5 2. Nf3 g6 3. d4 cxd4 4. Qxd4 Nf6 5. e5 Nc6 6. Qf4 Nd5 7. Qe4 Ndb4 8.
Na3 d6 9. c3 Bf5 10. Qh4 Nd3+ 11. Bxd3 Bxd3 12. Bh6 dxe5 13. Bxf8 Rxf8 14.
O-O-O e4 15. Ne1 Qd5 16. f3 f5 17. Qxh7 Ne5 18. Nxd3 Nxd3+ 19. Kb1 O-O-O 20.
Qh6 Qc5 21. Rhf1 Rf6 22. Nc2 a5 23. Nd4 Rb6 24. Nb3 Qb5 25. c4 Qe5 26. Qd2 a4
27. c5 Rb5 28. c6 axb3 29. cxb7+ Kxb7 30. a3 Rc8 31. f4 Qd4 32. Rc1 Rbc5 33.
Rc3 Rxc3 34. bxc3 Qxc3 35. Qxc3 Rxc3 36. g4 b2 37. Ka2 Rc1 38. Rxc1 bxc1=Q 39.
Kb3 Qb2+ 40. Kc4 Kc6 0-1

[Event "Bundesliga 9495"]
[Site "Deutschland"]
[Date "1994.??.??"]
[Round "?.6"]
[White "Maier, Christian"]
[Black "Zude, Erik"]
[Result "0-1"]
[WhiteElo "2350"]
[BlackElo "2365"]
[PlyCount "134"]
[EventDate "1994.10.??"]
[EventType "team"]
[EventRounds "15"]
[EventCountry "GER"]
[SourceTitle "Bundesliga 9495"]
[Source "DeepChess"]
[SourceDate "2005.01.01"]
[SourceVersion "1"]
[SourceVersionDate "2005.01.01"]
[SourceQuality "1"]
[WhiteTeam "SK Zaehringen 1921"]
[BlackTeam "SV 1920 Hofheim"]
[WhiteTeamCountry "GER"]
[BlackTeamCountry "GER"]

1. e4 e5 2. Nf3 Nc6 3. Bb5 a6 4. Ba4 d6 5. Bxc6+ bxc6 6. d4 f6 7. Nc3 Ne7 8.
Be3 Ng6 9. Qe2 Be7 10. O-O-O Be6 11. g3 Qc8 12. Nd2 O-O 13. h4 Rb8 14. h5 Nh8
15. d5 cxd5 16. exd5 Bd7 17. Nc4 Qb7 18. b3 f5 19. f4 Nf7 20. h6 g6 21. Qd2 Bf6
22. a3 Rfe8 23. Na5 Qa8 24. fxe5 Rxe5 25. Kb1 Rxe3 26. Qxe3 Re8 27. Qd2 Qa7 28.
Rhe1 Ne5 29. Nc6 Qc5 30. Nxe5 Bxe5 31. Rxe5 Rxe5 32. Kb2 Qe3 33. Qh2 Kf7 34.
Rd3 Qg5 35. b4 Qe7 36. Qf2 g5 37. a4 Kg6 38. Rd1 Re3 39. Rd3 Rxd3 40. cxd3 Qe5
41. a5 Kxh6 42. Qa7 f4 43. Qxc7 Bb5 44. gxf4 gxf4 45. Kc2 Be8 46. Qd8 Kh5 47.
Ne4 f3 48. Kd1 Bf7 49. Qd7 Qf4 50. Qh3+ Kg6 51. Ng3 Bxd5 52. Qh5+ Kf6 53. Qxd5
Qxg3 54. b5 Qg1+ 55. Kd2 Qf2+ 56. Kc3 Qe1+ 57. Kd4 Qb4+ 58. Ke3 Qe1+ 59. Kf4
Qc1+ 60. Ke4 Qe1+ 61. Kf4 f2 62. Qf5+ Ke7 63. Qxh7+ Kd8 64. Qh8+ Qe8 65. Qh4+
Kc8 66. Qh3+ Kb8 67. Kg5 Qg8+ 0-1

[Event "Bundesliga 9495"]
[Site "Deutschland"]
[Date "1994.??.??"]
[Round "?.7"]
[White "Schwamberger, Martin"]
[Black "Weindl, Alfred"]
[Result "1-0"]
[WhiteElo "2320"]
[BlackElo "2355"]
[PlyCount "63"]
[EventDate "1994.10.??"]
[EventType "team"]
[EventRounds "15"]
[EventCountry "GER"]
[SourceTitle "Bundesliga 9495"]
[Source "DeepChess"]
[SourceDate "2005.01.01"]
[SourceVersion "1"]
[SourceVersionDate "2005.01.01"]
[SourceQuality "1"]
[WhiteTeam "SV 1920 Hofheim"]
[BlackTeam "SK Zaehringen 1921"]
[WhiteTeamCountry "GER"]
[BlackTeamCountry "GER"]

1. Nf3 c5 2. e4 e6 3. d3 d5 4. Nbd2 Nc6 5. g3 g6 6. Bg2 Nge7 7. O-O Bg7 8. exd5
exd5 9. d4 cxd4 10. Nb3 Bg4 11. Bf4 O-O 12. Qd2 Bxf3 13. Bxf3 Re8 14. Rfe1 b6
15. Bg4 a5 16. Nc1 h5 17. Bh3 Kh7 18. Nd3 Ra7 19. Qe2 Rf8 20. Qf3 Ng8 21. a3
Nf6 22. b4 axb4 23. axb4 Rxa1 24. Rxa1 Ne4 25. b5 Na5 26. Bf1 Re8 27. Re1 Nc4
28. Qd1 Nc5 29. Nb4 Rxe1 30. Qxe1 Qd7 31. Nc6 Ne4 32. Bxc4 1-0

[Event "Bundesliga 9495"]
[Site "Deutschland"]
[Date "1994.??.??"]
[Round "?.8"]
[White "Weidemann, Joerg"]
[Black "Haubt, Georg"]
[Result "1/2-1/2"]
[WhiteElo "2295"]
[BlackElo "2240"]
[PlyCount "156"]
[EventDate "1994.10.??"]
[EventType "team"]
[EventRounds "15"]
[EventCountry "GER"]
[SourceTitle "Bundesliga 9495"]
[Source "DeepChess"]
[SourceDate "2005.01.01"]
[SourceVersion "1"]
[SourceVersionDate "2005.01.01"]
[SourceQuality "1"]
[WhiteTeam "SK Zaehringen 1921"]
[BlackTeam "SV 1920 Hofheim"]
[WhiteTeamCountry "GER"]
[BlackTeamCountry "GER"]

1. e4 e5 2. Nc3 Nf6 3. g3 d5 4. exd5 Nxd5 5. Bg2 Nxc3 6. bxc3 Bc5 7. Ne2 Nc6 8.
Rb1 O-O 9. O-O Re8 10. Rb5 Qd6 11. d4 Bb6 12. d5 Na5 13. Qd3 Bd7 14. Rb4 Qg6
15. Be4 f5 16. Bg2 Rad8 17. Rh4 Bc5 18. Rd1 b5 19. Be3 Be7 20. Rb4 Bxb4 21.
cxb4 Nc4 22. Bc1 h6 23. Nc3 a6 24. Qe2 Qf6 25. Qh5 Bc8 26. Bh3 Rf8 27. a4 e4
28. Ne2 Qf7 29. Qxf7+ Rxf7 30. axb5 axb5 31. Nc3 Bb7 32. Bf1 Nb6 33. Nxb5 Rxd5
34. Re1 Rfd7 35. Be2 c6 36. c4 Re5 37. Bf4 Re6 38. Na3 Re8 39. Be3 Na4 40. c5
Nb2 41. b5 Nd3 42. Rb1 cxb5 43. Nxb5 Re5 44. Nd6 Bc6 45. Rb8+ Kh7 46. Rc8 Ba4
47. Nc4 Re6 48. Nd6 Nxc5 49. Nxf5 Nd3 50. Nd4 Rb6 51. Bg4 Re7 52. Nf5 Rb1+ 53.
Kg2 Rf7 54. Nd6 Bd7 55. Bxd7 Rxd7 56. Nxe4 Ne1+ 57. Kh3 Rb5 58. g4 Re7 59. Nd6
Rb3 60. Nf5 Rf7 61. Kg3 Rd7 62. Rc1 Nd3 63. Rc4 Nb2 64. Re4 Nd1 65. h4 g6 66.
Ne7 Nxe3 67. fxe3 Rb6 68. Re5 Kg7 69. h5 gxh5 70. gxh5 Kf6 71. Ng6 Rd1 72. Re8
Re6 73. Rf8+ Kg5 74. Rf3 Re1 75. Kf2 Rh1 76. Rg3+ Kf5 77. Rf3+ Kg5 78. Rg3+ Kf5
1/2-1/2

[Event "Bundesliga 9495"]
[Site "Deutschland"]
[Date "1995.??.??"]
[Round "?.1"]
[White "Van der Sterren, Paul"]
[Black "Gavrikov, Viktor"]
[Result "1/2-1/2"]
[WhiteElo "2560"]
[BlackElo "2600"]
[PlyCount "28"]
[EventDate "1994.10.??"]
[EventType "team"]
[EventRounds "15"]
[EventCountry "GER"]
[SourceTitle "Bundesliga 9495"]
[Source "DeepChess"]
[SourceDate "2005.01.01"]
[SourceVersion "1"]
[SourceVersionDate "2005.01.01"]
[SourceQuality "1"]
[WhiteTeam "SV Castrop Rauxel 1923"]
[BlackTeam "SK Zaehringen 1921"]
[WhiteTeamCountry "GER"]
[BlackTeamCountry "GER"]

1. d4 f5 2. g3 Nf6 3. Bg2 g6 4. Nf3 Bg7 5. O-O O-O 6. c4 d6 7. Nc3 c6 8. d5 e5
9. dxe6 Bxe6 10. Qd3 Re8 11. Ng5 Nbd7 12. Nxe6 Rxe6 13. Qc2 Nb6 14. Qb3 Nfd7
1/2-1/2

[Event "Bundesliga 9495"]
[Site "Deutschland"]
[Date "1995.??.??"]
[Round "?.2"]
[White "Rozentalis, Eduardas"]
[Black "Watson, William N"]
[Result "1-0"]
[WhiteElo "2600"]
[BlackElo "2550"]
[PlyCount "87"]
[EventDate "1994.10.??"]
[EventType "team"]
[EventRounds "15"]
[EventCountry "GER"]
[SourceTitle "Bundesliga 9495"]
[Source "DeepChess"]
[SourceDate "2005.01.01"]
[SourceVersion "1"]
[SourceVersionDate "2005.01.01"]
[SourceQuality "1"]
[WhiteTeam "SK Zaehringen 1921"]
[BlackTeam "SV Castrop Rauxel 1923"]
[WhiteTeamCountry "GER"]
[BlackTeamCountry "GER"]

1. e4 c5 2. c3 Nf6 3. e5 Nd5 4. Nf3 Nc6 5. Bc4 Nb6 6. Bb3 d6 7. exd6 Qxd6 8.
O-O c4 9. Bc2 g6 10. b3 Bg7 11. Na3 Be6 12. Qe2 cxb3 13. axb3 O-O 14. d4 Nd5
15. Bd2 Qd7 16. Rad1 Bg4 17. h3 Bxf3 18. Qxf3 e6 19. Bd3 Rfd8 20. Nc2 Qc7 21.
Rfe1 Rac8 22. Be4 Rd7 23. c4 Nf6 24. Bf4 Qb6 25. d5 exd5 26. cxd5 Nxe4 27. Qxe4
Ne7 28. d6 Nf5 29. Nb4 Rcd8 30. Nd5 Qxb3 31. Rb1 Qa3 32. Ne7+ Nxe7 33. dxe7 Re8
34. Rxb7 Rexe7 35. Qxe7 Rxe7 36. Rexe7 Bf8 37. Rxf7 a5 38. Rfd7 Qa1+ 39. Kh2
Qf6 40. Be3 a4 41. g3 Bd6 42. Ra7 Qf8 43. Bb6 Bb8 44. Rab7 1-0

[Event "Bundesliga 9495"]
[Site "Deutschland"]
[Date "1995.??.??"]
[Round "?.3"]
[White "Hoffmann, Michael"]
[Black "Siegel, Georg"]
[Result "1/2-1/2"]
[WhiteElo "2475"]
[BlackElo "2505"]
[PlyCount "36"]
[EventDate "1994.10.??"]
[EventType "team"]
[EventRounds "15"]
[EventCountry "GER"]
[SourceTitle "Bundesliga 9495"]
[Source "DeepChess"]
[SourceDate "2005.01.01"]
[SourceVersion "1"]
[SourceVersionDate "2005.01.01"]
[SourceQuality "1"]
[WhiteTeam "SV Castrop Rauxel 1923"]
[BlackTeam "SK Zaehringen 1921"]
[WhiteTeamCountry "GER"]
[BlackTeamCountry "GER"]

1. d4 d5 2. c4 e6 3. Nf3 Nf6 4. g3 Bb4+ 5. Bd2 Be7 6. Bg2 Nbd7 7. O-O O-O 8.
Qc2 c6 9. Bg5 h6 10. Bxf6 Bxf6 11. Nc3 b6 12. Rfd1 Bb7 13. Qb3 Ba6 14. cxd5
cxd5 15. e4 dxe4 16. Nxe4 Bb7 17. Ne5 Bd5 18. Qb5 Nxe5 1/2-1/2

[Event "Bundesliga 9495"]
[Site "Deutschland"]
[Date "1995.??.??"]
[Round "?.4"]
[White "Schmaltz, Roland"]
[Black "Libeau, Rene"]
[Result "1/2-1/2"]
[WhiteElo "2450"]
[BlackElo "2470"]
[PlyCount "102"]
[EventDate "1994.10.??"]
[EventType "team"]
[EventRounds "15"]
[EventCountry "GER"]
[SourceTitle "Bundesliga 9495"]
[Source "DeepChess"]
[SourceDate "2005.01.01"]
[SourceVersion "1"]
[SourceVersionDate "2005.01.01"]
[SourceQuality "1"]
[WhiteTeam "SK Zaehringen 1921"]
[BlackTeam "SV Castrop Rauxel 1923"]
[WhiteTeamCountry "GER"]
[BlackTeamCountry "GER"]

1. e4 e6 2. d3 d5 3. Nd2 Nf6 4. Ngf3 Nc6 5. Be2 g6 6. O-O Bg7 7. c3 O-O 8. Re1
dxe4 9. dxe4 b6 10. Qc2 Bb7 11. Bf1 Qe7 12. a4 Nd7 13. Nc4 Nde5 14. Nfxe5 Nxe5
15. Nxe5 Bxe5 16. a5 f5 17. exf5 Rxf5 18. h3 Raf8 19. Be3 Qf6 20. Bd3 Rh5 21.
Be4 Bd5 22. axb6 axb6 23. Bxd5 exd5 24. Qb3 Bd6 25. Ra4 Rf5 26. Bd4 Qf7 27. Qc2
c5 28. Be3 Bb8 29. Rg4 Qc7 30. g3 Qf7 31. Qd2 Rh5 32. Rg5 Rxg5 33. Bxg5 Qf5 34.
Bh6 Rd8 35. Re7 Bd6 36. Rb7 Rb8 37. Rxb8+ Bxb8 38. Qe2 Qd7 39. Qa6 Qc6 40. Bg5
Be5 41. Bd8 d4 42. Bxb6 dxc3 43. bxc3 c4 44. Qa5 Bxc3 45. Qxc3 Qxb6 46. Qxc4+
Kg7 47. Qd5 h5 48. Kg2 Qf6 49. Qb7+ Kg8 50. Qf3 Qe5 51. Qd3 Kg7 1/2-1/2

[Event "Bundesliga 9495"]
[Site "Deutschland"]
[Date "1995.??.??"]
[Round "?.5"]
[White "Appel, Ralf"]
[Black "Brendel, Oliver"]
[Result "1-0"]
[WhiteElo "2430"]
[BlackElo "2385"]
[PlyCount "86"]
[EventDate "1994.10.??"]
[EventType "team"]
[EventRounds "15"]
[EventCountry "GER"]
[SourceTitle "Bundesliga 9495"]
[Source "DeepChess"]
[SourceDate "2005.01.01"]
[SourceVersion "1"]
[SourceVersionDate "2005.01.01"]
[SourceQuality "1"]
[WhiteTeam "SV Castrop Rauxel 1923"]
[BlackTeam "SK Zaehringen 1921"]
[WhiteTeamCountry "GER"]
[BlackTeamCountry "GER"]

1. Nf3 g6 2. g3 Bg7 3. Bg2 c5 4. O-O Nc6 5. d3 d5 6. c3 Nf6 7. a3 a5 8. a4 O-O
9. Na3 h6 10. Nb5 Na7 11. Nxa7 Rxa7 12. Qb3 Be6 13. Bf4 Nd7 14. Rfd1 Ra6 15.
Qa3 Rb6 16. Rac1 Bf5 17. Bd2 Rd6 18. b4 c4 19. dxc4 dxc4 20. Bf4 Rxd1+ 21. Rxd1
Qb6 22. Be3 axb4 23. cxb4 Qc7 24. Nd4 c3 25. Rc1 Rc8 26. a5 Bxd4 27. Bxd4 c2
28. Qe3 e5 29. Bb2 Kh7 30. h3 h5 31. Qb3 Nf6 32. b5 Ne4 33. g4 hxg4 34. hxg4
Qc5 35. e3 Nxf2 36. gxf5 Ng4 37. fxg6+ Kxg6 38. Qd3+ Kh6 39. Bf3 Nxe3 40. Kh1
Rg8 41. Re1 f5 42. Qxe3+ Qxe3 43. Rxe3 e4 1-0

[Event "Bundesliga 9495"]
[Site "Deutschland"]
[Date "1995.??.??"]
[Round "?.7"]
[White "Dinstuhl, Volkmar"]
[Black "Maier, Christian"]
[Result "1-0"]
[WhiteElo "2350"]
[BlackElo "2360"]
[PlyCount "51"]
[EventDate "1994.10.??"]
[EventType "team"]
[EventRounds "15"]
[EventCountry "GER"]
[SourceTitle "Bundesliga 9495"]
[Source "DeepChess"]
[SourceDate "2005.01.01"]
[SourceVersion "1"]
[SourceVersionDate "2005.01.01"]
[SourceQuality "1"]
[WhiteTeam "SV Castrop Rauxel 1923"]
[BlackTeam "SK Zaehringen 1921"]
[WhiteTeamCountry "GER"]
[BlackTeamCountry "GER"]

1. d4 Nf6 2. c4 e6 3. Nf3 c5 4. d5 exd5 5. cxd5 d6 6. Nc3 g6 7. h3 Bg7 8. e4
O-O 9. Bd3 Nbd7 10. O-O a6 11. a4 Qe7 12. Bf4 h6 13. Re1 g5 14. Bxd6 Qxd6 15.
e5 Qb6 16. exf6 Nxf6 17. Qd2 Bd7 18. Ne5 Rfe8 19. Re3 Qb4 20. Qe2 Red8 21. Re1
Be8 22. Bc2 Qd4 23. Rd1 Qh4 24. g4 Nd7 25. Nf3 Qxh3 26. Ne1 1-0

[Event "Bundesliga 9495"]
[Site "Deutschland"]
[Date "1995.??.??"]
[Round "?.8"]
[White "Schuh, Hubert"]
[Black "Hennig, Dirk"]
[Result "1/2-1/2"]
[WhiteElo "2345"]
[BlackElo "2345"]
[PlyCount "81"]
[EventDate "1994.10.??"]
[EventType "team"]
[EventRounds "15"]
[EventCountry "GER"]
[SourceTitle "Bundesliga 9495"]
[Source "DeepChess"]
[SourceDate "2005.01.01"]
[SourceVersion "1"]
[SourceVersionDate "2005.01.01"]
[SourceQuality "1"]
[WhiteTeam "SK Zaehringen 1921"]
[BlackTeam "SV Castrop Rauxel 1923"]
[WhiteTeamCountry "GER"]
[BlackTeamCountry "GER"]

1. Nf3 d6 2. d4 Bg4 3. c4 Bxf3 4. exf3 g6 5. f4 Bg7 6. Nc3 e6 7. d5 Qc8 8. Bd3
Ne7 9. O-O O-O 10. Re1 Na6 11. dxe6 fxe6 12. Ne4 Nf5 13. c5 Nxc5 14. Nxc5 dxc5
15. Bxf5 Rxf5 16. Qe2 Rd5 17. Be3 Qd7 18. Rac1 b6 19. g3 a5 20. b3 Re8 21. Rc4
Bd4 22. Qf3 Bxe3 23. Qxe3 Rd1 24. Re4 Kf7 25. Qf3 Rxe1+ 26. Rxe1 Qd5 27. Qe2
Rd8 28. h3 Rd6 29. Qe3 Qd4 30. Qe2 Ke7 31. f5 gxf5 32. Qh5 Qg7 33. Qxf5 Kd7 34.
Qe4 Qg6 35. Qa4+ Kc8 36. Qc4 Kb7 37. h4 Qf5 38. Qe2 Kc6 39. h5 Kd7 40. a4 Rd3
41. Rd1 1/2-1/2

[Event "Bundesliga 9495"]
[Site "Deutschland"]
[Date "1994.??.??"]
[Round "?.2"]
[White "Lobron, Eric"]
[Black "Siegel, Georg"]
[Result "1/2-1/2"]
[WhiteElo "2580"]
[BlackElo "2490"]
[PlyCount "150"]
[EventDate "1994.10.??"]
[EventType "team"]
[EventRounds "15"]
[EventCountry "GER"]
[SourceTitle "Bundesliga 9495"]
[Source "DeepChess"]
[SourceDate "2005.01.01"]
[SourceVersion "1"]
[SourceVersionDate "2005.01.01"]
[SourceQuality "1"]
[WhiteTeam "SV Empor Berlin e.V."]
[BlackTeam "SK Zaehringen 1921"]
[WhiteTeamCountry "GER"]
[BlackTeamCountry "GER"]

1. d4 d5 2. c4 e6 3. Nc3 Be7 4. cxd5 exd5 5. Bf4 c6 6. e3 Bf5 7. Nge2 Bg6 8.
Ng3 Nd7 9. Be2 Nf8 10. Bg4 Nf6 11. Bh3 Ne6 12. Be5 Ng5 13. Bf5 Bxf5 14. Nxf5
O-O 15. O-O Ne6 16. Qb3 Qd7 17. Nxe7+ Qxe7 18. Bxf6 gxf6 19. Qc2 Kh8 20. f4 Rg8
21. Rf3 Nc7 22. Raf1 Rg6 23. a3 Rag8 24. R1f2 Ne8 25. e4 dxe4 26. Nxe4 f5 27.
Ng3 Nd6 28. Qc5 Qe1+ 29. Rf1 Qe6 30. R3f2 Ne4 31. Nxe4 Qxe4 32. Qe5+ f6 33.
Qxe4 fxe4 34. f5 Rg4 35. Re1 Rd8 36. h3 Rh4 37. Kh2 e3 38. Rxe3 Rhxd4 39. Rfe2
R8d7 40. Rg3 Rd8 41. Re7 R4d7 42. Rgg7 Rxe7 43. Rxe7 b5 44. Rxa7 Rd2 45. b4 Rf2
46. Rc7 Rxf5 47. Rxc6 Kg7 48. g4 Rf3 49. Rc5 Rxa3 50. Rxb5 Rb3 51. Kg2 Kg6 52.
h4 h5 53. gxh5+ Kh6 54. Kf2 f5 55. Ke2 f4 56. Kf2 f3 57. Kg3 Ra3 58. Rc5 Rb3
59. b5 Kh7 60. Rg5 Kh6 61. Rd5 Kh7 62. Rd7+ Kh6 63. Rd5 Kh7 64. Rc5 Kg7 65.
Rc7+ Kh6 66. Rc6+ Kh7 67. Rb6 Kg7 68. h6+ Kh7 69. Kf2 Ra3 70. h5 Rb3 71. Kg3
Ra3 72. Rg6 Rb3 73. b6 Kh8 74. Rf6 Kh7 75. Rf7+ Kxh6 1/2-1/2

[Event "Bundesliga 9495"]
[Site "Deutschland"]
[Date "1994.??.??"]
[Round "?.4"]
[White "Rabiega, Robert"]
[Black "Schmaltz, Roland"]
[Result "0-1"]
[WhiteElo "2475"]
[BlackElo "2450"]
[PlyCount "84"]
[EventDate "1994.10.??"]
[EventType "team"]
[EventRounds "15"]
[EventCountry "GER"]
[SourceTitle "Bundesliga 9495"]
[Source "DeepChess"]
[SourceDate "2005.01.01"]
[SourceVersion "1"]
[SourceVersionDate "2005.01.01"]
[SourceQuality "1"]
[WhiteTeam "SV Empor Berlin e.V."]
[BlackTeam "SK Zaehringen 1921"]
[WhiteTeamCountry "GER"]
[BlackTeamCountry "GER"]

1. e4 g6 2. d4 Bg7 3. Nf3 d6 4. Nc3 Nf6 5. Bf4 Nc6 6. Qd2 Bg4 7. d5 Nb8 8. Bh6
Bxh6 9. Qxh6 Bxf3 10. gxf3 c6 11. O-O-O Nbd7 12. Bh3 Qb6 13. f4 Qxf2 14. e5
Nxd5 15. Nxd5 cxd5 16. Rxd5 Qe3+ 17. Kb1 O-O-O 18. exd6 Kb8 19. Rhd1 Nb6 20.
R5d3 Rxd6 21. Rxd6 exd6 22. Qg7 Rd8 23. Qf6 Qe8 24. b3 d5 25. Qh4 Qf8 26. Qf6
Rd6 27. Qc3 d4 28. Qg3 f5 29. Bg2 Nd7 30. Qe1 Qd8 31. a4 a5 32. Qe2 Qb6 33. Ka2
Ka7 34. Qc4 Qb4 35. Qc7 Qb6 36. Qc4 Qc5 37. Qd3 Nb8 38. Re1 Na6 39. Qd2 Nb4+
40. Kb1 d3 41. c3 Nc2 42. Re5 Qg1+ 0-1